00663nam a2200169 a 4500001000900000005001700009008004100026050002100067245005700088260006100145300004200206500012900248504002800377650002600405650003300431700002900464BRCA_96120190320203226.0730801s1965 nyua---##b---#000-0#eng-# 4aN7350b.A75 196510aMingeibfolk arts of old Japancby Hugo Munsterberg. a[Nueva York]bThe Asia Society : Harry N. Abramsc[1965] a143 p.bil. (algunas a color)c25 cm. aCatálogo de la exposición seleccionada por el Dr. Hugo Munsterberg and shown in Asia House Gallery in the spring of 1965 aBibliografía : p. 14214aArte popularzJapón14aArte popularxExposiciciones1 aMunsterberg, Hugod1916-